[Event "BCF-chT3W 2223 (4NCL)"]
[Site "England"]
[Date "2022.10.23"]
[Round "2.14"]
[White "Dicen, Imogen"]
[Black "Conterno, Dominique"]
[Result "1-0"]
[WhiteElo "1940"]
[BlackElo "1847"]
[PlyCount "61"]
[EventDate "2022.10.22"]
[EventType "team-tourn"]
[EventRounds "11"]
[EventCountry "ENG"]
[SourceTitle "EXT 2024"]
[Source "ChessBase"]
[SourceDate "2023.10.10"]
[SourceVersion "1"]
[SourceVersionDate "2023.10.10"]
[SourceQuality "1"]
[WhiteTeam "Warwicks Select II"]
[BlackTeam "Brown Jack"]
[WhiteTeamCountry "ENG"]
[BlackTeamCountry "ENG"]

1. e4 d6 2. f4 Nf6 3. Nc3 g6 4. Nf3 Bg7 5. Be2 0-0 6. 0-0 c5 7. d3 Nc6 8. h3 Rb8 9. a4 a6 10. Be3 b5 11. axb5 axb5 12. Qd2 b4 13. Nd1 Nd7 14. c3 Na5 15. Qc2 b3 16. Qd2 Qc7 17. f5 c4 18. d4 Bb7 19. Nf2 Nf6 20. fxg6 hxg6 21. Ng5 Ra8 22. h4 d5 23. e5 Ne4 24. Nfxe4 dxe4 25. h5 Bd5 26. hxg6 fxg6 27. Bg4 Qb6 28. Rxf8+ Rxf8 29. Qe1 Nb7 30. Qh4 Re8 31. Qh7+ 1-0

[Event "WC-2017-S-00003"]
[Site "LSS email"]
[Date "2017.05.17"]
[Round "?"]
[White "Conterno, Dominique"]
[Black "Lehnhoff, Heinz Georg"]
[Result "1/2-1/2"]
[WhiteElo "2306"]
[BlackElo "2321"]
[PlyCount "66"]
[EventDate "2017.06.01"]
[EventType "tourn (corr)"]
[EventRounds "12"]
[EventCountry "GER"]
[SourceTitle "Corr 2024"]
[Source "ChessBase"]
[SourceDate "2023.10.19"]
[SourceVersion "1"]
[SourceVersionDate "2023.10.19"]
[SourceQuality "1"]

1. e4 c5 2. Nf3 d6 3. d4 cxd4 4. Nxd4 Nf6 5. Nc3 a6 6. Bc4 e6 7. Bb3 b5 8. 0-0 Be7 9. Qf3 Qb6 10. Be3 Qb7 11. Qg3 b4 12. Na4 Nbd7 13. f3 0-0 14. Rfd1 Ne5 15. Ne2 a5 16. c4 bxc3 17. Nexc3 Ra6 18. Bd4 Nc6 19. Bxf6 Bxf6 20. Bc4 Ra7 21. Qxd6 Rd8 22. Qg3 Qe7 23. f4 Bd4+ 24. Kh1 Rad7 25. Rf1 Ba7 26. f5 Rd4 27. f6 Qf8 28. Bb5 Bb7 29. Rac1 g6 30. Bxc6 Bxc6 31. Qc7 Bb8 32. Qxc6 Bxh2 33. Kxh2 Qh6+ 1/2-1/2

[Event "WC-2017-S-00003"]
[Site "LSS email"]
[Date "2017.05.17"]
[Round "?"]
[White "Conterno, Dominique"]
[Black "Steinke, Ruediger"]
[Result "1/2-1/2"]
[WhiteElo "2306"]
[BlackElo "2325"]
[PlyCount "58"]
[EventDate "2017.06.01"]
[EventType "tourn (corr)"]
[EventRounds "12"]
[EventCountry "GER"]
[SourceTitle "Corr 2024"]
[Source "ChessBase"]
[SourceDate "2023.10.19"]
[SourceVersion "1"]
[SourceVersionDate "2023.10.19"]
[SourceQuality "1"]

1. e4 e6 2. d3 d5 3. Nd2 Nf6 4. Ngf3 c5 5. g3 Be7 6. Bg2 Nc6 7. 0-0 0-0 8. Re1 Qc7 9. e5 Nd7 10. Qe2 b5 11. Nf1 a5 12. h4 Bb7 13. Bf4 a4 14. a3 Qb6 15. N1h2 Rfc8 16. Ng4 Nd4 17. Nxd4 cxd4 18. h5 h6 19. Nh2 Bf8 20. g4 Qc7 21. Rec1 b4 22. axb4 Bxb4 23. Nf3 a3 24. bxa3 Bxa3 25. Rcb1 Be7 26. Rxa8 Bxa8 27. Nxd4 Qc3 28. Nb5 Qxc2 29. Qxc2 Rxc2 1/2-1/2

[Event "WC-2017-P-00008"]
[Site "LSS email"]
[Date "2017.01.23"]
[Round "?"]
[White "Conterno, Dominique"]
[Black "Furguzz, Scarlett"]
[Result "1/2-1/2"]
[WhiteElo "2311"]
[BlackElo "1818"]
[PlyCount "76"]
[EventDate "2017.02.01"]
[EventType "tourn (corr)"]
[EventRounds "12"]
[EventCountry "GER"]
[SourceTitle "Corr 2022"]
[Source "ChessBase"]
[SourceDate "2021.10.24"]
[SourceVersion "1"]
[SourceVersionDate "2021.10.24"]
[SourceQuality "1"]

1. e4 c5 2. Nf3 d6 3. d4 cxd4 4. Nxd4 Nf6 5. Nc3 a6 6. a3 e5 7. Nf5 d5 8. Bg5 d4 9. Bxf6 gxf6 10. Nb1 Bxf5 11. exf5 Qd5 12. Qd3 Nd7 13. Nd2 Nc5 14. Qh3 Rg8 15. Qxh7 Rxg2 16. Bxg2 Qxg2 17. 0-0-0 Rc8 18. Kb1 Na4 19. Qh4 Rxc2 20. Kxc2 Qc6+ 21. Kb1 Qb5 22. Nc4 Nc3+ 23. Kc1 Qxc4 24. Rd2 Qa2 25. bxc3 Qa1+ 26. Kc2 Qxc3+ 27. Kb1 Qxd2 28. Qg3 Qe2 29. Rc1 Qb5+ 30. Ka1 Qd7 31. Qd3 Bh6 32. Rg1 Ke7 33. Rg8 Qc6 34. Kb2 Bc1+ 35. Kb1 Bf4 36. Qc2 Qb6+ 37. Ka2 d3 38. Qxd3 Qxf2+ 1/2-1/2

[Event "WC-2017-P-00008"]
[Site "LSS email"]
[Date "2017.01.23"]
[Round "?"]
[White "Conterno, Dominique"]
[Black "Rheinstaedtler, Klaus"]
[Result "0-1"]
[WhiteElo "2311"]
[BlackElo "2182"]
[PlyCount "98"]
[EventDate "2017.02.01"]
[EventType "tourn (corr)"]
[EventRounds "12"]
[EventCountry "GER"]
[SourceTitle "Corr 2022"]
[Source "ChessBase"]
[SourceDate "2021.10.24"]
[SourceVersion "1"]
[SourceVersionDate "2021.10.24"]
[SourceQuality "1"]

1. e4 c5 2. Nf3 d6 3. d4 cxd4 4. Nxd4 Nf6 5. Nc3 a6 6. a3 e5 7. Nf5 d5 8. Bg5 d4 9. Bxf6 Qxf6 10. Nd5 Qc6 11. Qg4 g6 12. Qg3 Nd7 13. Nxd4 exd4 14. Nc7+ Kd8 15. Nxa8 b5 16. 0-0-0 Bg7 17. Qg5+ Bf6 18. Qd2 Bb7 19. Kb1 Bxa8 20. f4 Nc5 21. e5 Be7 22. Be2 Qxg2 23. Rhg1 Qd5 24. Rgf1 Qd7 25. Qxd4 Qxd4 26. Rxd4+ Kc7 27. Bf3 f5 28. exf6 Bxf6 29. Rd2 Ne4 30. Re2 Re8 31. Rfe1 Nd2+ 32. Kc1 Rxe2 33. Bxe2 Nf3 34. Bxf3 Bxf3 35. Re6 Bd4 36. Re7+ Kd6 37. Rxh7 Be3+ 38. Kb1 Bxf4 39. h4 Bg3 40. Rg7 Bh5 41. Ra7 Bxh4 42. Rxa6+ Kd5 43. a4 bxa4 44. Ra5+ Ke6 45. Ra6+ Kf7 46. Rxa4 g5 47. Kc1 Be1 48. c4 Bf3 49. c5 Bf2 0-1